000 00785nam a2200133Ia 4500
008 171212s9999 xx 000 0 und d
020 _a9780833059734
100 _aPaul, Christopher;Porche III, Isaac R.;Axelband, Elliot
245 _cPaul, Christopher;Porche III, Isaac R.;Axelband, Elliot
_aThe Other Quiet Professionals
_bLessons for Future Cyber Forces from the Evolution of Special Forces
260 _bRAND Corporation
_c2014
650 _aCyberspace -- Security measures -- United States -- Planning; Computer networks -- Security measures -- United States -- Planning; Cyberterrorism -- United States -- Prevention -- Planning; Information warfare -- United States; United States. Strategic Co
650 _aHistory
856 _uhttp://www.jstor.org/stable/10.7249/j.ctt1287m89
999 _c352699
_d352699